Quizzes
Events
Quiz Creation
Community
Videos
Private Events
Remove Ads
Sign In
Join for FREE
Feedback
Dark Mode
Quiz Categories
Sports
Geography
Music
Movies
Television
Just For Fun
Miscellaneous
History
Literature
Language
Science
Gaming
Entertainment
Religion
Holiday
For Kids
Quiz Lab
Recent
Popular Today
Quiz Kudos Today
Editor Picks
Curator Picks
Quizzes by...
Day
Popularity
Type
Ratings
Length
Year
Community
Subscriptions
Recent Discussions
Orange Saloon
Badges
Playlists
Quests
Create
Leaderboards
Showdown
Live 5
Trivia Bingo
Activity
Puzzle Library
Sporcle Events
Private Events
Virtual Trivia
Globe League
Become a Host
Pub Owners
SporcleCon
Opinionation
Our Games
Videos
Blog
Mobile Apps
Partnerships
Remove Ads and Go Orange
Feedback
Music
Pop Music
The Beatles
Song
Album
Lyrics
Bands
Singers
Artist
Clip
Rock
Rap
Classical
Billboard
Country Music
Kpop
Taylor Swift
Music
Pop Music
The Beatles
Song
Album
Lyrics
Bands
Singers
Artist
Clip
Rock
Rap
Classical
Billboard
Country Music
Kpop
Taylor Swift
Random Quiz
Search Sporcle
×
Quiz Lab
Quiz Lab
Music
Song
Type in answers that appear in a list
Type in answers that appear in a list
Classic
Best Score? Go Orange.
Songwriters of Songs by the Beach Boys Stats
Can you name the Songwriters of Songs by the Beach Boys?
By
hurumble
5m
23 Questions
347 Plays
347 Plays
347 Plays
Comments
Comments
Give Quiz Kudos
Give Quiz Kudos
-
- Ratings
hide this ad
More Info
Replay
Link that replays current quiz
Next Quiz
Link to next quiz in quiz playlist
You Got
0%
They Got
Avg Score
44%
Avg Friend Score
Upgrade to see
Score Distribution
Jump to the score distribution portion of the page
Score
0/23
Timer
05:00
0
Plays Today
Number written
Songwriter
% Correct
224
Brian Wilson
99.4%
120
Mike Love
96.8%
34
Carl Wilson
95.4%
29
Dennis Wilson
95.1%
37
Al Jardine
90.8%
10
Bruce Johnston
81.8%
8
Van Dyke Parks
68.6%
8
Tony Asher
55.6%
3
Ricky Fataar & Blondie Chaplin
50.7%
3
Chuck Berry
46.7%
10
Gary Usher
38.3%
9
Roger Christian
36%
Number written
Songwriter
% Correct
14
Terry Melcher
30%
3
Paul McCartney & John Lennon
28%
5
Phil Spector
27.4%
10
Jack Rieley
23.1%
4
Eugene Landy
17.9%
6
Stephen Kalinich
13.5%
5
Gregg Jakobson
11.5%
4
Geoffrey Cushing-Murray
6.9%
3
Elle Greenwich & Jeff Barry
6.3%
6
Roger Altbach
5.2%
3
Bruce Morgan
3.7%
Quiz Playlist
Details
Report
Send in Message
Add To Playlist
More Info:
Minimum 3 songwriting credits//INCLUDES songwriters of songs covered by the Beach Boys
Classic:
Type in answers that appear in a list
Quiz Source
Last Updated: Feb 16, 2017
Quiz Scoreboard
CHALLENGE
Sign Up to Join the Scoreboard
Show All
Scores
Hide
Comments
May contain spoilers
Recently Published
One Thing in Common: World Cities II
by knightlancer
Geography
7m
Popular People in 1961
by mucciniale
History
6m
1-10 Letter E Words III
by El_Dandy
Language
2m
More to Explore
Quiz From the Vault
Featured Blog Post
Where Did the Easter Bunny Come From?
hide this ad
You Might Also Like...
Tags
Numbers Quiz
Song Quiz
beach
Beach Boys
Boy
Signwriter
Written
Today's Top Quizzes in Music
Browse Music
hide this ad
Today's Top Quizzes in Song
Browse Song
Top Contributed Quizzes in Music
1
Taylor Swift All Songs (2024)
2
2010s Album by Cover III
3
Taylor Swift Logic Puzzle
4
One Thing in Common: Music
5
Guess the Artist- 70s Songs
6
Guess the Taylor Swift song (Mystery Song)
7
2010s Album by Cover V
8
2010s Album by Cover IV
9
Lana Del Rey Discography (BTD to DYKTTATUOB)
10
KPOP LOGIC QUIZ
Explore More
Trending Topics
Crossword
Harry Potter
Anime
Marvel
Disney
NBA
Kpop
NFL
Song
Country
Soccer
Puzzle
WWE
The Office
Pokémon
hide this ad
More By:
hurumble
Quiz
Plays
Rating
Category
Featured
Created
Movie titles en français (in French)
969
4.57
Movies
Jan 4, 2011
MLB Top 10 in Stolen Bases 2000-2009
815
4.22
Sports
Jan 20, 2011
Boston Area Colleges and Universities
507
4.80
Miscellaneous
Jan 5, 2011
Animated Movie by Supporting Character
378
4.20
Movies
Jan 14, 2011
Songwriters of Songs by the Beach Boys
347
5.00
Music
Jan 8, 2011
Go to Creator's Profile
Score Distribution
Quiz Creator Spotlight
hurumble
Follow
Send a Message
Quizzes Created
-
Created Quiz Play Count
-
More By This Creator
Popular Quizzes Today
1
Find the US States - No Outlines Minefield
2
The Countries of the World
3
Popular People in 1961
4
Find the Countries of Europe - No Outlines Minefield
5
1-10 Letter E Words III
6
Find the US States
7
One Thing in Common: World Cities II
8
US States
More Music Quizzes
Rolling Stones songs (US)
Quiz Lab
Trending Quizzes
1-10 Letter F Words
1-10 Letter G Words
Risky Map Clicking: Next State Alphabetically
1-10 Letter F Words II
Risky Map Clicking: States by Unique Starting Letters
Recently Updated
Leaping Animals
pecheneg
Reality TV Shows (A-Z)
bhenderson79
Rickey Henderson's Hall of Fame Teammates
pecheneg
Champions League XIs: Arsenal
pecheneg
Quick Pick: Celebrities in WWE's Hall of Fame
aduchscher
A-Z Keypad Blitz II
pecheneg
Multiple Oscar Actors
pecheneg
Mystery Phrase Blitz: Oscar 'Best Actors'
pecheneg
F. Scott Fitzgerald Novels
LTH
Pick 3 Villains
ddd62291
Trending Topics
Harry Potter
Disney
Kpop
NBA
Marvel
Anime
Crossword
The Office
WWE
Puzzle
Country
Pokémon
Song
NFL
Soccer
Your Account Isn't Verified!
In order to create a playlist on Sporcle, you need to verify the email address you used during registration. Go to your
Sporcle Settings
to finish the process.
Report this User
Report this user for behavior that violates our
Community Guidelines
.
Details:
Send Report
Go to the Sporcle.com Mobile Site →
Comments